[Event "NRW-Liga II 9293"]
[Site "Germany"]
[Date "1993.??.??"]
[Round "?"]
[White "Von Hartlieb, Justus"]
[Black "Kurr, Gerd"]
[Result "0-1"]
[WhiteElo "2245"]
[BlackElo "2225"]

1.Nf3 Nf6 2.c4 g6 3.g3 Bg7 4.Bg2 O-O 5.O-O c5 6.Nc3 Nc6 7.d4 cxd4 8.Nxd4 d6
9.Nxc6 bxc6 10.Bxc6 Be6 11.Bxa8 Qxa8 12.Nd5 Nxd5 13.cxd5 Bxd5 14.Be3 Bg2
15.Re1 Bxb2 16.f3 Bh3 17.Rb1 Bc3 18.Bd2 Bd4+ 19.e3 Bc5 20.Bb4 Bf5 21.Rb2 Rb8
22.Bc3 Rxb2 23.Bxb2 e5 24.Kg2 Be6 25.Qc2 Qf8 26.a4 g5 27.e4 h5 28.Bc1 f6
29.Be3 Bb4 30.Rd1 Qa8 31.Rc1 a5 32.Qc7 Qe8 33.Rc6 Bd7 34.Rb6 Qe6 35.Rb8+ Be8
36.Rb7 Bf7 37.Qd8+ Kg7 38.Rb8 Qa2+ 39.Kh3 Be6+ 40.g4 hxg4+ 41.fxg4 Bxg4+  0-1

[Event "Bundesliga 9293"]
[Site "Germany"]
[Date "1993.??.??"]
[Round "?"]
[White "Schlosser, Philipp"]
[Black "Gauglitz, Gernot"]
[Result "1-0"]
[WhiteElo "2500"]
[BlackElo "2435"]

1.c4 Nf6 2.Nf3 g6 3.g3 Bg7 4.Bg2 O-O 5.d4 c6 6.Nc3 d5 7.Qb3 dxc4 8.Qxc4 Be6
9.Qa4 h6 10.O-O Nbd7 11.Rd1 Qc8 12.Qc2 a5 13.b3 Re8 14.h3 Nb6 15.Kh2 a4 16.Ba3 Nfd7
17.e4 axb3 18.axb3 Ra5 19.Bb2 Rh5 20.Ne2 g5 21.d5 Bg4 22.Bxg7 Kxg7 23.dxc6 Nf6
24.Nfg1 e5 25.Rac1 Be6 26.f3 g4 27.Qc5 gxf3 28.Bxf3 Bg4 29.Bxg4 Qxg4 30.Qxb6 Qxe4
31.h4 Ng4+ 32.Kh3 Ne3 33.Qxe3 Qxe3 34.c7 Qe4 35.Rd8 f5 36.Kh2 Rxh4+ 37.gxh4 Qxh4+
38.Kg2 Rxd8 39.cxd8=Q Qxd8 40.Nf3 e4 41.Nfd4 Qg5+ 42.Kf2 Qh4+ 43.Ke3 Qh3+
44.Kd2 Qd3+ 45.Ke1 e3 46.Rd1 Qe4 47.Ng3 Qg2 48.Ngxf5+ Kf6 49.Nxe3 Qb2 50.Rd2 Qa1+
51.Ke2 h5 52.Nf3 Qa6+ 53.Nc4 Ke7 54.Rd5 Qa2+ 55.Ncd2 Qa6+ 56.Kf2 Qb6+ 57.Kg3 Qc7+
58.Re5+ Kf6 59.Ne4+ Kg6 60.Nc5 b6 61.Ne6 Qc3 62.Nd4 Qc7 63.Kh4 Qd8+ 64.Rg5+ Kf6
65.Kxh5 Qe8+ 66.Kg4 Qd7+ 67.Rf5+ Ke7 68.Kf4 Kd8 69.Ke4 Kc8 70.Kd3 Kb7 71.b4 Qa4
72.b5 Qa3+ 73.Ke4 Qe7+ 74.Ne5 Qh7 75.Kd5 Qh1+ 76.Nef3 Qh7 77.Ke6 Qg6+ 78.Ke7 Qh6
79.Rf7 Kc8 80.Ne6 Qe3 81.Nd4 Qe4 82.Kd6 Qd3 83.Rf8+  1-0

[Event "BL2-S9293"]
[Site "Germany"]
[Date "1993.??.??"]
[Round "?"]
[White "Feustel, Bernd"]
[Black "Schwamberger, Martin"]
[Result "0-1"]
[WhiteElo "2325"]
[BlackElo "2310"]

1.Nf3 Nf6 2.c4 g6 3.g3 Bg7 4.Bg2 O-O 5.O-O d5 6.b3 Ne4 7.d4 c6 8.Bb2 Bf5
9.Nh4 Be6 10.Qc1 Nd7 11.f3 Nef6 12.e4 dxc4 13.bxc4 Nb6 14.d5 cxd5 15.cxd5 Rc8
16.Nc3 Bd7 17.f4 Nc4 18.Rb1 Nxb2 19.Qxb2 Nxe4 20.Bxe4 Bxc3 21.Qxb7 Bd4+ 22.Kg2 Bb6
23.f5 Rc5 24.Qa6 g5 25.Nf3 f6 26.Qe2 Ra5 27.Rb2 Bc8 28.Rd1 Qd6 29.h4 g4 30.Nd2 Ba6
31.Qxg4+ Kh8 32.Kh3 Rg8 33.Qf4 Qxf4 34.gxf4 Ra4 35.Rb3 Rd4 36.Bc2 Rxf4 37.Rf3 Rxf3+
38.Nxf3 Be2  0-1

[Event "BL2-S9293"]
[Site "Germany"]
[Date "1993.??.??"]
[Round "?"]
[White "Schulze, Ulrich"]
[Black "Bastian, Herbert"]
[Result "1-0"]
[WhiteElo "2400"]
[BlackElo "2320"]

1.Nf3 Nf6 2.g3 g6 3.Bg2 Bg7 4.c4 O-O 5.d4 d6 6.O-O Nc6 7.Nc3 Rb8 8.h3 a6
9.Bg5 h6 10.Be3 Nd7 11.Qd2 Kh7 12.Rac1 e6 13.b3 Ne7 14.Rfd1 b6 15.Bf4 Qe8
16.e4 e5 17.Be3 f5 18.dxe5 dxe5 19.Nd5 fxe4 20.Nxc7 Qf7 21.Nh2 Nc5 22.Nd5 Nxd5
23.cxd5 h5 24.Bxc5 bxc5 25.Nf1 Bh6 26.Ne3 Rb4 27.Rc4 a5 28.Rdc1 h4 29.g4 Ba6
30.Rxb4 cxb4 31.Bxe4 Qf4 32.Rc7+ Bg7 33.Qc2 Kh8 34.d6 Be2 35.Qxe2 Qxe4 36.d7 Bf6
37.Qc2 Qxc2 38.Rxc2 Kg7 39.Rc8 Rd8 40.Rc7 Rf8 41.d8=Q+  1-0

[Event "BL2-S9293"]
[Site "Germany"]
[Date "1993.??.??"]
[Round "?"]
[White "Schulze, Ulrich"]
[Black "Lorscheid, Gerhard"]
[Result "1-0"]
[WhiteElo "2400"]
[BlackElo "2305"]

1.Nf3 Nf6 2.g3 g6 3.Bg2 Bg7 4.c4 O-O 5.d4 d6 6.O-O c6 7.b3 Qa5 8.Bb2 Qh5
9.Nbd2 Bg4 10.Re1 Nbd7 11.e4 e5 12.Qc2 Rfe8 13.b4 g5 14.c5 Bxf3 15.Nxf3 Bf8
16.dxe5 Nxe5 17.Nxe5 dxe5 18.h3 g4 19.h4 Qg6 20.Rad1 a5 21.a3 axb4 22.axb4 Rab8
23.Bc1 b5 24.Bb2 Ra8 25.Bc3 Nd5 26.h5  1-0

[Event "BL2-S9293"]
[Site "Germany"]
[Date "1993.??.??"]
[Round "?"]
[White "Schulze, Ulrich"]
[Black "Neurohr, Stephan"]
[Result "1-0"]
[WhiteElo "2400"]
[BlackElo "2320"]

1.Nf3 Nf6 2.g3 g6 3.Bg2 Bg7 4.c4 O-O 5.O-O d6 6.d4 Nbd7 7.Qc2 e5 8.Rd1 Re8
9.Nc3 c6 10.dxe5 dxe5 11.e4 Qc7 12.h3 Nf8 13.Be3 Be6 14.Bf1 h6 15.c5 Rad8
16.Rxd8 Rxd8 17.Rd1 Rxd1 18.Qxd1 N8d7 19.b4 b6 20.cxb6 Nxb6 21.Qc1 Kh7 22.Nd2 Ne8
23.a4 Bf8 24.Qb2 Nd7 25.Nc4 Qb7 26.b5 Bxc4 27.Bxc4 Nd6 28.Qb3 cxb5 29.Bd5 Qc7
30.Nxb5 Nxb5 31.axb5 Nf6 32.Bxf7 Kg7 33.Bd5 Ne8 34.Bc6 Nd6 35.Qe6 Nc8 36.h4 Nb6
37.Be8 Qd6 38.Qf7+ Kh8 39.Kg2 Qb4 40.Qxg6  1-0

[Event "BL2-N9293"]
[Site "Germany"]
[Date "1993.??.??"]
[Round "?"]
[White "Preuschoff, Michael"]
[Black "Danschczyk, Christian"]
[Result "1/2-1/2"]
[WhiteElo "2270"]
[BlackElo "2290"]

1.Nf3 Nf6 2.c4 g6 3.g3 Bg7 4.Bg2 O-O 5.O-O d6 6.Nc3 Nc6 7.Rb1 e5 8.b4 Bf5
9.d3 Qd7 10.b5 Nd8 11.e4 Bh3 12.d4 Bxg2 13.Kxg2 exd4 14.Nxd4 Ne6 15.Nb3 h5
16.Qc2 Rae8 17.a4 h4 18.Nd5 Nh5 19.Be3 c6 20.Nb4 Nef4+ 21.Kf3 Qh3 22.Bxf4 f5
23.Ke2 Nxf4+ 24.gxf4 Rxe4+ 25.Kd2 Qf3 26.Qd3 Qxf4+ 27.Kd1 Rxc4 28.Nc2 Rxa4
29.bxc6 bxc6 30.Nd2 Ra5 31.h3 Rd5 32.Qe3 Bh6 33.Qxf4 Bxf4 34.Ne3 Bxe3 35.fxe3 Rf7
36.Ke2 Kg7 37.Nf3 Kf6 38.Rfd1 Rxd1 39.Rxd1 d5 40.Rc1 Rc7 41.Nxh4 g5 42.Nf3 c5
43.Ra1 f4 44.Ra6+ Kf5 45.Rd6 fxe3 46.Rxd5+ Kf6 47.Nxg5 c4 48.Nf3 c3 49.Rd1 c2
50.Rc1 Rc3 51.Ne1 Kg5 52.Ng2 a5 53.Nxe3 Kh4 54.Kd2 Rc8 55.Nxc2 Kxh3 56.Rg1 a4
57.Kc1 Rc3 58.Rg8 Rg3 59.Ra8 Rg4 60.Kb2 Kg3 61.Ka3 Kf2 62.Nb4 Kf3 63.Kxa4 Re4
64.Kb5 Ke3 65.Kc5 Rh4 66.Nd5+ Kf3 67.Ra3+ Kf2 68.Nf6 Rf4 69.Nd7  1/2-1/2

[Event "BL2-N9293"]
[Site "Germany"]
[Date "1993.??.??"]
[Round "?"]
[White "Marschner, Juergen"]
[Black "Vogel, Robert"]
[Result "0-1"]
[WhiteElo "2295"]
[BlackElo "2315"]

1.Nf3 Nf6 2.c4 g6 3.g3 Bg7 4.Bg2 O-O 5.Nc3 d5 6.cxd5 Nxd5 7.O-O Nc6 8.d4 Nb6
9.e3 a5 10.b3 a4 11.Ba3 Re8 12.Bc5 axb3 13.Bxb6 cxb6 14.Qxb3 e5 15.dxe5 Be6
16.Qc2 Nxe5 17.Nd4 Rc8 18.Rfd1 Qc7 19.Rac1 Bg4 20.Rf1 Red8 21.Qe4 Qd7 22.Qxb7 Nd3
23.Rc2 Bxd4 24.exd4 Qxb7 25.Bxb7 Rc7 26.Be4 Rxd4 27.f3 Bf5 28.Bxf5 gxf5 29.Rd1 Kg7
30.Nb5 Rxc2 31.Nxd4 Rc1 32.Nxf5+ Kf6 33.Rxc1 Nxc1  0-1

[Event "BL2-N9293"]
[Site "Germany"]
[Date "1993.??.??"]
[Round "?"]
[White "Lagunow, Alexander"]
[Black "Hracek, Zbynek"]
[Result "1-0"]
[WhiteElo "2450"]
[BlackElo "2510"]

1.c4 Nf6 2.Nf3 g6 3.g3 Bg7 4.Bg2 O-O 5.O-O d6 6.d4 Nc6 7.Nc3 Bf5 8.b3 Ne4
9.Bb2 Nxc3 10.Bxc3 Be4 11.Rc1 d5 12.e3 a5 13.Qe2 Qd7 14.Rfd1 Rfd8 15.Bf1 Bf5
16.cxd5 Qxd5 17.Nh4 Bd7 18.e4 Qh5 19.Qxh5 gxh5 20.d5 Nb4 21.Bxg7 Kxg7 22.a3 Na6
23.Bxa6 bxa6 24.Rxc7 Rab8 25.Rd3 Bh3 26.Rdc3 a4 27.b4 a5 28.bxa5 e6 29.Ng2 exd5
30.Nf4 d4 31.Rc1 Bc8 32.a6 d3 33.Nxd3 Bxa6 34.Ne5 Rb7 35.Rxb7 Bxb7 36.Nxf7 Kxf7
37.Rc7+ Kg6 38.Rxb7 h4 39.Rb4 h3 40.Kf1 Rd1+ 41.Ke2 Rh1 42.Rxa4 Rxh2 43.e5 Rh1
44.Rg4+ Kf5 45.Rh4 Kg6 46.Kf3 Ra1 47.Kg4 Rxa3 48.Rxh3  1-0

[Event "BL2-W9293"]
[Site "Germany"]
[Date "1993.??.??"]
[Round "?"]
[White "Matthaei, Alexander"]
[Black "Bletz, Harald"]
[Result "1-0"]
[WhiteElo "2270"]
[BlackElo "2295"]

1.Nf3 Nf6 2.c4 g6 3.g3 Bg7 4.Bg2 O-O 5.O-O c5 6.d4 d6 7.Nc3 Nc6 8.dxc5 dxc5
9.Be3 Qa5 10.Qa4 Be6 11.Qb5 a6 12.Qxb7 Rfc8 13.Qb3 Rab8 14.Qc2 Bxc4 15.Bf4 e5
16.Nxe5 Nxe5 17.Bxe5 Rb4 18.Bxf6 Bxf6 19.Ne4 Be5 20.a3 Qa4 21.Rfc1 Bb3 22.axb4 Bxc2
23.Rxa4 Bxa4 24.Nxc5 Bb5 25.Rc2 Rd8 26.Bb7 Rd1+ 27.Kg2 Ra1 28.f4 Bd4 29.Kf3 Rb1
30.Bxa6 Bc6+ 31.e4 f5 32.Bc4+ Kh8 33.Bd5 Rf1+ 34.Ke2 Bb5+ 35.Bc4 Rf2+ 36.Kd3 Rxc2
37.Bxb5 Rxb2 38.Kxd4 Rxb4+ 39.Bc4 fxe4 40.Nxe4 Rb2 41.h4 Kg7 42.Ke3 Rb4 43.Kd4 Ra4
44.Nc3 Ra1 45.Bd5 Rg1 46.Ne4 Rd1+ 47.Ke5 Rd3 48.Ke6 Ra3 49.g4 Rh3 50.Ke7 Rd3
51.Bc6  1-0

[Event "BL2-S9293"]
[Site "Germany"]
[Date "1993.??.??"]
[Round "?"]
[White "Schulze, Ulrich"]
[Black "Roos, Daniel"]
[Result "1-0"]
[WhiteElo "2400"]
[BlackElo "2410"]

1.Nf3 Nf6 2.c4 g6 3.g3 Bg7 4.Bg2 O-O 5.O-O d5 6.cxd5 Nxd5 7.d4 Nc6 8.Nc3 Nb6
9.d5 Nb8 10.Nd4 e6 11.e4 Re8 12.Nb3 N8d7 13.dxe6 Rxe6 14.Bf4 Nc4 15.Qc2 c6
16.Rad1 Re8 17.Na4 Nce5 18.h3 b5 19.Nac5 Qe7 20.Nxd7 Bxd7 21.Nc5 Bc8 22.b3 a5
23.Be3 a4 24.f4 axb3 25.axb3 Nd7 26.e5 Nb8 27.Bf2 Bf5 28.Qd2 Na6 29.Ne4 Bxe4
30.Bxe4 Rac8 31.Qd6 Qe6 32.Qxe6 Rxe6 33.Ra1 Nb4 34.Rfd1 Bf8 35.Rd7 Re7 36.Rxe7 Bxe7
37.Ra7 Bf8 38.Kf1 c5 39.Ke2 c4 40.bxc4 bxc4 41.Ra8 Rxa8 42.Bxa8 c3 43.Bd4 c2
44.Kd2 h5 45.Be4 Kh7 46.Bxc2 Nxc2 47.Kxc2 Bb4 48.Bf2 Kg7 49.Kd3 Ba3 50.Ke4 Bb4
51.f5 gxf5+ 52.Kxf5 Be7 53.Be3 Bd8 54.Bg5 Bc7 55.Bf6+ Kh6 56.h4 Bb8 57.Be7 Bc7
58.Kf6 Kh7 59.Bd6  1-0

[Event "Gyula"]
[Site "Gyula"]
[Date "1993.??.??"]
[Round "7"]
[White "Gross, Stefan"]
[Black "Felegyhazi, Laszlo"]
[Result "1-0"]
[WhiteElo "2330"]
[BlackElo "2290"]

1.Nf3 Nf6 2.g3 g6 3.Bg2 Bg7 4.c4 O-O 5.O-O c5 6.d4 cxd4 7.Nxd4 Nc6 8.Nc3 Nxd4
9.Qxd4 d6 10.Qd3 Ng4 11.Nd5 Ne5 12.Qb3 e6 13.Ne3 Qc7 14.Bd2 Bd7 15.Rac1 Bc6
16.Nd5 Qd7 17.Nf4 Bxg2 18.Nxg2 Rac8 19.Rfd1 Qc6 20.Ne3 Qa6 21.Bb4 Rfd8 22.Qa3 Qxa3
23.Bxa3 Bf8 24.b3 h5 25.Bb2 Bg7 26.Bd4 Nc6 27.Bxg7 Kxg7 28.Rd2 Kf6 29.f4 Ke7
30.Kf2 a6 31.Nd1 b5 32.Nb2 Na5 33.Rdc2 Kd7 34.Ke3 Nc6 35.Nd3 bxc4 36.Rxc4 Ne7
37.Rxc8 Rxc8 38.Rxc8 Kxc8 39.Kd2 Kc7 40.e4 Nc6 41.e5 Ne7 42.Kc3 dxe5 43.Nxe5 f6
44.Nd3 Nd5+ 45.Kd4 Kd6 46.b4 Nc7 47.a4 Nd5 48.b5 axb5 49.axb5 Nb6 50.Nb2 e5+
51.fxe5+ fxe5+ 52.Ke4 Ke6 53.h4 Nd7 54.Na4 Nf6+ 55.Kd3 Kd6 56.Nc3 Nd7 57.Ne4+ Kd5
58.Nc3+ Kc5 59.Ke4 Kd6 60.Na4 Nf6+ 61.Kd3 Nd7 62.Kc4 Nf6 63.Nc3 Ng4 64.Ne4+ Kc7
65.Kc5 Ne3 66.b6+ Kb7 67.Kb5 Nf5 68.Nc5+ Kc8 69.Kc6 Nd4+ 70.Kd5 Nf5 71.Ne4 Kb7
72.Kxe5 Kxb6 73.Kf6 Kc6 74.Kxg6  1-0

[Event "Hania op"]
[Site "Hania"]
[Date "1993.??.??"]
[Round "6"]
[White "Velikov, Petar"]
[Black "Georgiev, Krum"]
[Result "0-1"]
[WhiteElo "2460"]
[BlackElo "2475"]

1.Nf3 Nf6 2.g3 g6 3.c4 Bg7 4.Bg2 O-O 5.O-O d6 6.d4 c6 7.Nc3 a6 8.e4 b5 9.e5 Ne8
10.cxb5 axb5 11.Re1 Nc7 12.Bf4 Ne6 13.Be3 b4 14.Ne2 Na6 15.Qd2 Rb8 16.Bh6 Nac7
17.h4 f6 18.exf6 exf6 19.Nh2 Bd7 20.Ng4 d5 21.Bxg7 Nxg7 22.Ne3 Nce6 23.a4 bxa3
24.bxa3 f5 25.Bh3 g5 26.hxg5 Qxg5 27.f4 Qh6 28.Bg2 Nh5 29.Rab1 Qg6 30.Kf2 Nf6
31.Rxb8 Rxb8 32.a4 Rb3 33.Bf3 Ne4+ 34.Bxe4 fxe4 35.a5 Qh5 36.Kg1  0-1

[Event "Harkany op"]
[Site "Harkany"]
[Date "1993.??.??"]
[Round "7"]
[White "Kustar, Sandor"]
[Black "Csapo, Zoltan"]
[Result "1-0"]
[WhiteElo "2335"]
[BlackElo "2275"]

1.Nf3 Nf6 2.c4 g6 3.g3 Bg7 4.Bg2 O-O 5.O-O d6 6.d4 c6 7.Nc3 a6 8.e4 b5 9.Qe2 bxc4
10.Qxc4 a5 11.Rd1 Ba6 12.Qa4 Qb6 13.Qc2 Nbd7 14.h3 Rab8 15.Rb1 c5 16.e5 Ne8
17.Nd5 Qd8 18.Bg5 f6 19.exf6 Ndxf6 20.dxc5 Nxd5 21.Rxd5 Qc7 22.Qd2 dxc5 23.Rd7 Qb6
24.Bxe7 Nf6 25.Rd6 Qa7 26.Bxf8 Rxf8 27.Qxa5  1-0

[Event "Hastings op9394"]
[Site "Hastings"]
[Date "1993.??.??"]
[Round "?"]
[White "McNab, Colin Anderson"]
[Black "Hebden, Mark"]
[Result "1-0"]
[WhiteElo "2490"]
[BlackElo "2520"]

1.Nf3 Nf6 2.c4 g6 3.g3 Bg7 4.Bg2 O-O 5.O-O d6 6.d4 Nc6 7.Nc3 Rb8 8.b3 a6
9.e3 b5 10.Qe2 bxc4 11.bxc4 e5 12.dxe5 Nd7 13.Nd4 Ncxe5 14.f4 c5 15.fxe5 cxd4
16.exd4 dxe5 17.Ba3 exd4 18.Bxf8 Qxf8 19.Rxf7 Qd8 20.Re7 Nf6 21.Nd5 Bf5 22.Qe5  1-0

[Event "Hastings op9394"]
[Site "Hastings"]
[Date "1993.??.??"]
[Round "?"]
[White "McNab, Colin Anderson"]
[Black "Mortensen, Erling"]
[Result "1/2-1/2"]
[WhiteElo "2490"]
[BlackElo "2445"]

1.Nf3 Nf6 2.c4 g6 3.g3 Bg7 4.Bg2 O-O 5.O-O d6 6.Nc3 c6 7.d3 Re8 8.Rb1 e5
9.b4 d5 10.e4 d4 11.Ne2 Nbd7 12.h3 a5 13.a3 Nf8 14.Bd2 axb4 15.axb4 N6d7
16.Ra1 Rxa1 17.Qxa1 Ne6 18.Qa7 f5 19.exf5 gxf5 20.Nh4 Qf6 21.f4 e4 22.dxe4 fxe4
23.Bxe4 Nec5 24.Bf3 Ne4 25.Bxe4 Rxe4 26.Nc1 Qf7 27.Qa5 Nf6 28.Nf5 Bxf5 29.Qxf5 Qxc4
30.Qc5 b5 31.g4 Re8 32.Qf5 Ne4 33.Re1 d3 34.Qd7 Qd4+ 35.Qxd4 Bxd4+ 36.Kg2 Kf7
37.Rd1 Nxd2 38.Rxd2 Bc3 39.Rxd3 Bxb4 40.Kf3 Bf8 41.Rd7+ Re7 42.Rd8 Rb7 43.Rc8 b4
44.Rxc6 b3 45.Nd3 b2 46.Nxb2 Rxb2 47.g5 Rd2 48.Rf6+ Kg7 49.h4 h5 50.Rh6 Rd4
51.Rxh5 Bd6 52.Ke3 Rxf4 53.Rh6 Bc7 54.Rc6 Rf7 55.h5 Rd7 56.Rg6+ Kh7 57.Rh6+  1/2-1/2

[Event "Heraklio m"]
[Site "Heraklio"]
[Date "1993.??.??"]
[Round "3"]
[White "Mastrokoukos, Georgios"]
[Black "Kotronias, Vasilios"]
[Result "1/2-1/2"]
[WhiteElo "2320"]
[BlackElo "2530"]

1.Nf3 Nf6 2.c4 g6 3.g3 Bg7 4.Bg2 O-O 5.O-O d6 6.d4 Nbd7 7.Qc2 e5 8.Rd1 Qe7
9.dxe5 dxe5 10.e4 c6 11.b3 Nc5 12.Ba3 b6 13.Nc3 Ne8 14.Ne1 Nc7 15.Nd3 N7e6
16.Nxc5 bxc5 17.Na4 Re8 18.Qc3 Bf8 19.Qe3 Qf6 20.Bxc5 Bxc5 21.Nxc5 Nd4 22.Rd2 Qe7
23.Nd3 c5 24.f4 f6 25.fxe5 fxe5 26.Rf1 Bb7 27.Rdf2 Rf8 28.Rxf8+ Rxf8 29.Rxf8+ Kxf8
30.h4 Qd6 31.Kh2 Kg7 32.Qg5 Nc6 33.Qe3 Nd4 34.Nf2 Bc8 35.Bh3 Bxh3 36.Kxh3 Qe6+
37.Kg2 h6 38.Nd3 Qd6 39.Nf2 Qd7 40.a3 a5 41.Qd2 Qf7 42.Qe3  1/2-1/2

[Event "Heraklio op"]
[Site "Heraklio"]
[Date "1993.??.??"]
[Round "4"]
[White "Loginov, Valery A"]
[Black "Demirel, Tolga"]
[Result "1-0"]
[WhiteElo "2505"]
[BlackElo "2310"]

1.Nf3 Nf6 2.g3 g6 3.Bg2 Bg7 4.c4 O-O 5.O-O d6 6.d4 c6 7.Nc3 Qa5 8.h3 e5 9.e4 Nbd7
10.Re1 exd4 11.Nxd4 Ne5 12.Bf1 Re8 13.Rb1 Be6 14.b4 Qc7 15.f4 Ned7 16.Be3 a5
17.a3 axb4 18.axb4 Nf8 19.Bf2 Ra3 20.Ndb5 cxb5 21.Nxb5 Qd7 22.Nxa3 Bxh3 23.e5 Bxf1
24.exf6 Rxe1 25.Bxe1 Qh3 26.Qf3 Bxf6 27.Bf2 Ne6 28.Rxf1 Nd4 29.Qe4 Qg4 30.Kg2 Nf5
31.Rh1 Nh4+ 32.Rxh4  1-0

[Event "Heraklio op"]
[Site "Heraklio"]
[Date "1993.??.??"]
[Round "6"]
[White "Loginov, Valery A"]
[Black "Kotronias, Vasilios"]
[Result "1/2-1/2"]
[WhiteElo "2505"]
[BlackElo "2590"]

1.Nf3 Nf6 2.g3 g6 3.c4 Bg7 4.Bg2 O-O 5.O-O d6 6.d4 Nbd7 7.Qc2 e5 8.Rd1 Qe7
9.Nc3 c6 10.b3 exd4 11.Nxd4 Re8 12.e4 Nc5 13.f3 Nfd7 14.Rb1 a5 15.Nce2 Ne5
16.h3 h5 17.a3 a4 18.b4 Ne6 19.f4 Nxd4 20.Nxd4 Nd7 21.Qf2 Nf6 22.Bb2 Qc7
23.Re1 Bd7 24.Nc2 Re7 25.e5 dxe5 26.Bxe5 Qc8 27.Qc5 Bf8 28.Qf2 Bg7 29.Qc5 Bf8
30.Qf2  1/2-1/2

[Event "Herzliya"]
[Site "Herzliya"]
[Date "1993.??.??"]
[Round "1"]
[White "Godes, Dmitry R"]
[Black "Gruenfeld, Yehuda"]
[Result "0-1"]
[WhiteElo "2430"]
[BlackElo "2535"]

1.Nf3 Nf6 2.g3 g6 3.Bg2 Bg7 4.c4 O-O 5.O-O d6 6.Nc3 Nc6 7.d3 e5 8.Nd5 Nxd5
9.cxd5 Ne7 10.Qb3 c5 11.dxc6 bxc6 12.Qa3 h6 13.Bd2 Be6 14.b4 Qd7 15.Rac1 f5
16.Rc2 f4 17.Rfc1 Bd5 18.Be1 Rf7 19.Nd2 Bxg2 20.Kxg2 g5 21.Qa6 Rc8 22.Kg1 g4
23.Ne4 d5 24.Nc5 Qf5 25.Qxa7 Ng6 26.Qa6 Bf8 27.b5 e4 28.dxe4 dxe4 29.Nxe4 Re8
30.Rxc6 Rxe4 31.Rxg6+ Kh7 32.Rgc6 fxg3 33.hxg3 Rxe2 34.Qa5 Rxf2 35.Bxf2 Qxf2+
36.Kh1 Qf3+ 37.Kh2 Qe2+ 38.Kh1 Rf2 39.Qc7+ Bg7 40.R6c2 Qf3+  0-1

[Event "Herzliya"]
[Site "Herzliya"]
[Date "1993.??.??"]
[Round "5"]
[White "Csom, Istvan"]
[Black "Gruenfeld, Yehuda"]
[Result "1/2-1/2"]
[WhiteElo "2475"]
[BlackElo "2535"]

1.Nf3 Nf6 2.c4 g6 3.g3 Bg7 4.Bg2 O-O 5.O-O d6 6.d4 Nc6 7.Nc3 a6 8.b3 Rb8
9.Nd5 Ne4 10.Bb2 e6 11.Nf4 Ne7 12.Qc2 f5 13.Nd3 b6 14.Rad1 Qe8 15.Nd2 Nxd2
16.Qxd2 Qf7 17.Rc1 Bb7 18.Bxb7  1/2-1/2

[Event "HUN-chT2"]
[Site "HUN"]
[Date "1993.??.??"]
[Round "?"]
[White "Vadasz, Laszlo"]
[Black "Loginov, Valery A"]
[Result "0-1"]
[WhiteElo "2360"]
[BlackElo "2505"]

1.Nf3 Nf6 2.c4 g6 3.g3 Bg7 4.Bg2 O-O 5.O-O d6 6.d4 c6 7.Nc3 Nbd7 8.e4 e5
9.b3 a6 10.h3 b5 11.dxe5 dxe5 12.Qc2 Qe7 13.Be3 b4 14.Na4 c5 15.a3 Bb7 16.Nd2 a5
17.Ra2 Ne8 18.Nb2 Nc7 19.axb4 axb4 20.Rfa1 Qd6 21.Nd3 f5 22.Rxa8 Bxa8 23.Nb2 f4  0-1

[Event "HUN-chT2"]
[Site "HUN"]
[Date "1993.??.??"]
[Round "?"]
[White "Vadasz, Laszlo"]
[Black "Seres, Lajos"]
[Result "1/2-1/2"]
[WhiteElo "2360"]
[BlackElo "2280"]

1.Nf3 Nf6 2.c4 g6 3.g3 Bg7 4.Bg2 O-O 5.O-O d6 6.d4 Nbd7 7.Nc3 e5 8.h3 h6
9.e4 Nh7 10.Be3 Ng5 11.Nxg5 hxg5 12.Qd2  1/2-1/2

[Event "HUN-chT2"]
[Site "HUN"]
[Date "1993.??.??"]
[Round "?"]
[White "Bugyinszki, Istvan"]
[Black "Csapo, Zoltan"]
[Result "1-0"]
[WhiteElo "2280"]
[BlackElo "2265"]

1.Nf3 Nf6 2.g3 g6 3.Bg2 Bg7 4.c4 O-O 5.O-O c5 6.d4 d6 7.Nc3 Nc6 8.d5 Na5
9.Nd2 a6 10.Rb1 b5 11.cxb5 axb5 12.Nxb5 Ba6 13.Nc3 Rb8 14.Qc2 e6 15.Re1 Re8
16.Nf1 Nc4 17.b3 Qa5 18.Rd1 Na3 19.Bxa3 Qxa3 20.dxe6 Rxe6 21.Bh3 Re7 22.Rxd6 Ne8
23.Rd7 Rb7 24.Rxb7 Bxb7 25.Ne3 Nc7 26.Bg2 Bxg2 27.Kxg2 Ne6 28.Na4 Qb4 29.Nd5 Qb7
30.e4 Re8 31.b4 Nd4 32.Qd3 cxb4 33.Rxb4 Qc6 34.Rxd4 Bxd4 35.Qxd4 Re6 36.Nc5  1-0

[Event "Katowice op"]
[Site "Katowice"]
[Date "1993.??.??"]
[Round "2"]
[White "Kostenko, Igor"]
[Black "Markowski, Tomasz"]
[Result "0-1"]
[WhiteElo "2300"]
[BlackElo "2450"]

1.c4 Nf6 2.Nf3 g6 3.g3 Bg7 4.Bg2 O-O 5.O-O d6 6.d4 Nc6 7.d5 Na5 8.Nfd2 c5
9.Nc3 a6 10.Qc2 Rb8 11.b3 b5 12.Bb2 bxc4 13.bxc4 Bh6 14.f4 e5 15.dxe6 Bxe6
16.Nd5 Bxd5 17.cxd5 Rxb2 18.Qxb2 Bg7 19.Qc1 Ng4 20.Rb1 Ne3 21.Rf3 Re8 22.Nf1 Nxd5
23.Ra3 Nb4 24.e4 Nac6 25.Ne3 Nd4 26.Kh1 Nb5 27.Rxa6 Nc3 28.Rxb4 cxb4 29.Qd2 Nxe4
30.Qxb4 Qc7 31.Qc4 Qxc4 32.Nxc4 d5 33.Bxe4 dxe4 34.Nd6 Re6 35.Ra8+ Bf8 36.Nc4 e3
37.Nxe3 Rxe3 38.Kg2  0-1

[Event "Katowice op"]
[Site "Katowice"]
[Date "1993.??.??"]
[Round "4"]
[White "Kostenko, Igor"]
[Black "Gurevich, Vladimir"]
[Result "0-1"]
[WhiteElo "2300"]
[BlackElo "2425"]

1.c4 Nf6 2.Nf3 g6 3.g3 Bg7 4.Bg2 O-O 5.O-O d6 6.d4 Nbd7 7.Qc2 e5 8.Rd1 Qe7
9.b3 Re8 10.Nc3 c6 11.Ba3 e4 12.Ng5 e3 13.f4 Nf8 14.Qc1 Bf5 15.h3 h5 16.d5 c5
17.Bb2 N6h7 18.Nce4 Bxe4 19.Nxe4 Bxb2 20.Qxb2 f5 21.Nc3 h4 22.g4 fxg4 23.hxg4 h3
24.Bf3 Qf6 25.f5 Ng5 26.Rf1 Nd7 27.Kh1 Qe5 28.fxg6 Rf8 29.Na4 Qg3 30.Rg1 Qf4
31.Raf1 Ne5 32.g7 Rf7 33.Nc3 Nexf3 34.exf3 Nxf3 35.Qe2 Nxg1 36.Rxf4 Nxe2
37.Nxe2 Rxf4 38.Nxf4 Kxg7 39.Kh2 Rf8 40.Ne6+ Kg8  0-1

[Event "Kecskemet"]
[Site "Kecskemet"]
[Date "1993.??.??"]
[Round "1"]
[White "Loginov, Valery A"]
[Black "Groszpeter, Attila"]
[Result "1/2-1/2"]
[WhiteElo "2505"]
[BlackElo "2515"]

1.Nf3 Nf6 2.g3 g6 3.c4 Bg7 4.Bg2 O-O 5.O-O d6 6.d4 Nbd7 7.Qc2 e5 8.Rd1 Qe7
9.Nc3 c6 10.b3 Re8 11.e4 exd4 12.Nxd4 Nc5 13.f3 Nfd7 14.Rb1 Ne5 15.Nce2 a5
16.h3 f6  1/2-1/2

[Event "Kecskemet2"]
[Site "Kecskemet"]
[Date "1993.??.??"]
[Round "3"]
[White "Vadasz, Laszlo"]
[Black "Brunner, Lucas"]
[Result "1/2-1/2"]
[WhiteElo "2400"]
[BlackElo "2475"]

1.Nf3 Nf6 2.c4 g6 3.g3 Bg7 4.Bg2 O-O 5.O-O d6 6.Nc3 e5 7.d4 Nbd7 8.Qc2 exd4
9.Nxd4 Re8 10.Rd1 c6 11.h3 Qe7 12.b3 Nc5 13.Bb2 h5 14.b4 Nce4 15.Nxe4 Nxe4
16.Nf3 Nf6 17.Rd2 Bf5 18.Qc3 Be4 19.Rad1 d5 20.Ng5 Bxg2 21.Kxg2 Qf8 22.cxd5 Nxd5
23.Qxg7+ Qxg7 24.Bxg7 Kxg7 25.e4 Nc3 26.Rc1 Nxe4 27.Nxe4 Rxe4 28.b5 cxb5
29.Rc7 a6 30.Rxb7 Re5 31.Rd3 Rae8 32.Ra3 R8e6 33.Ra7 Rf5 34.R7xa6 Re2  1/2-1/2

[Event "Kecskemet"]
[Site "Kecskemet"]
[Date "1993.??.??"]
[Round "9"]
[White "Vadasz, Laszlo"]
[Black "Stummer, Anton"]
[Result "1/2-1/2"]
[WhiteElo "2360"]
[BlackElo "2295"]

1.Nf3 Nf6 2.c4 g6 3.g3 Bg7 4.Bg2 O-O 5.O-O d6 6.d4 Nbd7 7.Nc3 e5 8.e4 c6
9.h3 Qb6 10.b3 exd4 11.Na4 Qa5 12.Nxd4 Nb6 13.Nxb6 axb6 14.Bd2 Qh5 15.Bc3 Re8
16.Qxh5 Nxh5 17.Rfd1 Nf6 18.f3 Nd7 19.Ne2 Bf8 20.g4 f6 21.Rd2 Kf7 22.Rf1 Nc5
23.Ng3 f5 24.gxf5 gxf5 25.Nxf5 Bxf5 26.exf5 Re3 27.Bd4 Rd3 28.Rxd3 Nxd3 29.a4  1/2-1/2

[Event "Kurgan"]
[Site "Kurgan"]
[Date "1993.??.??"]
[Round "?"]
[White "Vaulin, Alexander"]
[Black "Pospelov, Evgeny"]
[Result "1-0"]
[WhiteElo "2500"]
[BlackElo "2395"]

1.c4 Nf6 2.g3 g6 3.Bg2 Bg7 4.Nf3 O-O 5.O-O d6 6.d4 Nc6 7.Nc3 Bg4 8.d5 Na5
9.b3 c5 10.Bb2 a6 11.Nd2 Rb8 12.h3 Bd7 13.Rb1 b5 14.Ba1 Bh6 15.f4 Nh5 16.Kh2 Qc7
17.e3 f5 18.Qe2 Bg7 19.g4 b4 20.gxh5 bxc3 21.Nf3 e5 22.hxg6 hxg6 23.Nh4  1-0

[Event "Kurgan"]
[Site "Kurgan"]
[Date "1993.??.??"]
[Round "?"]
[White "Vaulin, Alexander"]
[Black "Rashkovsky, Nukhim N"]
[Result "1-0"]
[WhiteElo "2500"]
[BlackElo "2530"]

1.Nf3 Nf6 2.g3 g6 3.Bg2 Bg7 4.c4 O-O 5.d4 d6 6.O-O Nc6 7.Nc3 a6 8.b3 Rb8
9.e3 b5 10.Qe2 bxc4 11.Qxc4 Nb4 12.Rd1 a5 13.Qe2 c5 14.Ba3 Ba6 15.Qd2 Nd7
16.Rac1 c4 17.e4 Nf6 18.Qg5 e5 19.Qe3 Qe7 20.Bf1 Rfd8 21.dxe5 dxe5 22.Nd2  1-0

[Event "Kurgan"]
[Site "Kurgan"]
[Date "1993.??.??"]
[Round "?"]
[White "Vaulin, Alexander"]
[Black "Temirbaev, Serik"]
[Result "1-0"]
[WhiteElo "2500"]
[BlackElo "2450"]

1.c4 Nf6 2.g3 g6 3.Bg2 Bg7 4.Nf3 O-O 5.O-O d6 6.d4 Nc6 7.Nc3 a6 8.d5 Na5
9.b3 c5 10.dxc6 bxc6 11.Bd2 Rb8 12.Qc1 Re8 13.c5 d5 14.Qa3 Nb7 15.Bf4 Ra8
16.Ne5 Qa5 17.Na4 Nh5 18.Nxc6 Qb5 19.Ne5 g5 20.Bxd5 gxf4 21.Bxf7+ Kh8 22.Nc3 Qxc5
23.Qxc5 Nxc5 24.Bxe8 Bxe5 25.Bxh5 Bxc3 26.Rac1 Bb4 27.Rc4 Ba3 28.Bf3 Rb8
29.Rxf4 Be6 30.Rd1 a5 31.Rfd4 Kg7 32.Kg2 Rb6 33.Bd5 Bc8 34.Rf4 e6 35.Bc4 Nd7
36.Rg4+ Kf6 37.Rh4 Ne5 38.Rd8 Bb7+ 39.f3 Nxc4 40.Rxc4 Ba6 41.Rf4+ Kg7 42.Rd7+ Kg6
43.Rg4+ Kf6 44.Rxh7 Bxe2 45.Rh6+ Ke7 46.Rg7+  1-0